Countries Where Mandarin is Most Common - Statistics

General Stats
  • This quiz has been taken 33 times
  • The average score is 13 of 18
Answer Stats
% Country # % Correct
81 China 1,150,000,000
100%
1.5 Japan 1,840,000
97%
89 Taiwan 20,600,000
97%
0.75 United States 2,640,000
97%
0.93 South Korea 480,000
90%
2.4 Canada 971,000
87%
0.9 Vietnam 917,000
87%
6.9 Malaysia 2,480,000
84%
47 Singapore 2,780,000
84%
1.3 Mongolia 45,900
77%
1.2 Thailand 873,000
74%
2.3 Laos 185,000
71%
0.71 North Korea 189,000
71%
3.2 Australia 875,000
55%
1.8 Myanmar 995,000
48%
3 New Zealand 160,000
48%
2.6 Brunei 12,200
42%
0.76 Costa Rica 39,200
23%
No matching quizzes found
Score Distribution
Percent of People with Each Score
Percentile by Number Answered
Your Score History
You have not taken this quiz